Spacebar Challenge Quiz Stats

 Plays Quiz Updated Dec 9, 2014

Support Sporcle.
Go Orange.
Score 0/200 Timer 01:00
247 Plays Today
% Correct
99.8%
99.3%
99.2%
99.1%
99%
99%
98.9%
98.8%
98.8%
98.7%
98.7%
98.5%
98.4%
97.7%
97.7%
97.2%
97.1%
97%
97%
97%
96.9%
96.9%
96.8%
96.8%
96.8%
96.7%
96.7%
96.7%
96.6%
96.6%
96.6%
96.6%
96.5%
96.5%
96.5%
96.5%
96.4%
96.4%
96.4%
96.4%
96.3%
96.3%
96.3%
96.3%
96.2%
96.2%
96.2%
96.2%
96.1%
96.1%
96.1%
96%
96%
96%
96%
95.9%
95.9%
95.9%
95.9%
95.9%
95.8%
95.8%
95.8%
95.8%
95.8%
95.7%
95.7%
% Correct
95.7%
95.7%
95.7%
95.6%
95.6%
95.6%
95.6%
95.6%
95.5%
95.5%
95.5%
95.5%
95.5%
95.4%
95.4%
95.4%
95.4%
95.3%
95.3%
95.3%
95.3%
95.2%
95.2%
95.2%
95.2%
95.2%
95.1%
95.1%
95.1%
95.1%
95.1%
95.1%
95%
95%
95%
95%
94.9%
94.9%
94.9%
94.9%
94.9%
94.9%
94.8%
94.8%
94.8%
94.8%
94.8%
94.7%
94.7%
94.7%
94.7%
94.6%
94.6%
94.6%
94.6%
94.6%
94.5%
94.5%
94.5%
94.5%
94.5%
94.4%
94.4%
94.4%
94.4%
94.4%
94.4%
% Correct
94.3%
94.3%
94.3%
94.3%
94.3%
94.3%
94.2%
94.2%
94.2%
94.2%
94.1%
94.1%
94.1%
94.1%
94.1%
94%
94%
94%
94%
93.9%
93.9%
93.9%
93.9%
93.9%
93.8%
93.8%
93.8%
93.8%
93.8%
93.7%
93.7%
93.7%
93.7%
93.6%
93.6%
93.6%
93.6%
93.6%
93.5%
93.5%
93.5%
93.5%
93.4%
93.4%
93.4%
93.4%
93.3%
93.3%
93.3%
93.3%
93.2%
93.2%
93.2%
93.2%
93.1%
93.1%
93.1%
93.1%
93%
93%
93%
93%
92.9%
92.9%
92.9%
92.8%

You're not logged in!

Compare scores with friends on all Sporcle quizzes.
OR
Log In

From the Vault

Siblings on TV

by Cutthroat

Imagine always having to work with your sibling.
Remove Ads.
Support Sporcle.
Get the best of Sporcle when you Go Orange. This ad-free experience offers more features, more stats, and more fun while also helping to support Sporcle. Thank you for becoming a member.

Show Comments

Extras

Top Quizzes Today


Score Distribution

Your Account Isn't Verified!

In order to create a playlist on Sporcle, you need to verify the email address you used during registration. Go to your Sporcle Settings to finish the process.

Report this User

Report this user for behavior that violates our Community Guidelines.

Details: